000 00609nam a22002297a 4500
003 UA-OsUOA
001 95942
007 ta
008 20130312b un ||||| |||| 00| 0 ukr d
100 _aЛакло Ш.
090 _a821.161.1
_bЛ19
942 _cBK
040 _aUA-OsUOA
_brus
_cUA-OsUOA
_dUA-OsUOA
245 _aОпасные связи
300 _a318 с.
955 _a3
041 _arus
080 _a821.161.1
260 _aМ.
_bХудожественная литература
_c1992
650 7 _a82 Література. Літературознавство
_2UDC
999 _c382188
_d382188